000 01181nam a22002537a 4500
005 20170124103107.0
010 _aB-055695
020 _c250.00
_a8170631483
035 _aB-055695
037 _bCen Lib/Ret
040 _aDPL
_bHN
082 _a954.13
_bसीतारा
100 _aसीताराम, अवधवासी लाला
_950779
245 _aअयोध्या का इतिहास /
_cअवधवासी लाला सीताराम
246 _aAyodhyā kā itihāsa /
_bby Avadhvasi Lala Sitaram
260 _aनयी दिल्ली
_bआर्य बुक डिपो
_c2001
270 _bनयी दिल्ली
_a30, नाईवाला, करोलबाग
_e110005
300 _a212पृ.
_c21सेमी (सजिल्द)
650 _aअयोध्या (फैजाबाद, भारत) - इतिहास।
_978638
650 _aभारत - फैजाबाद - अयोध्या।
_945349
650 _aAyodhya (Faizabad, India) -- History.
_978639
650 _aIndia -- Faizabad -- Ayodhya.
_912494
942 _2ddc
_cHN
_h954.13
_mसीतारा
999 _c118163
_d118163